Statistics for Who says these Modern Family quotes #2

Click here to take the quiz!

General Stats

  • This quiz has been taken 33 times
  • The average score is 10 of 15

Answer Stats

QuestionAnswer% Correct
"Act like a parent, talk like a peer. I call it ‘peerenting’."Phil
90%
"Don't you have a fraternity to pass out in?"Alex
84%
"If the men in this house don't start talking to me, I swear to God that I will make life miserable for each and every one of you!"Gloria
84%
"Happy Valen-Birth-Sary!"Phil
84%
"There's a line of ants going to a trick-or-treat bag in my closet, and I don't want to still be here when they get sick of candy."Luke
81%
"Yes, I've gained a few extra pounds while we were expecting the baby... but that's science. You can't fight it."Cameron
77%
”I may not be the tallest or the most athletic, but someday I will be the richest.“Manny
74%
"“Look at them: A minute ago they were babies, and now they're driving, and soon we'll all be dead.”Claire
71%
"Wake up, Delgado. Black box? From Colombia? No more questions? It's obviously a human head."Luke
71%
"This crazy bitch just messed with the wrong crazy bitch."Haley
58%
"We're gonna have to settle this dispute in court - the Food Court."Phil
55%
"She has super-good hearing, like a seeing eye dog. They have overdeveloped hearing to make up for the fact... wait, the dogs aren't blind. Wait, are they? No, that wouldn't make sense."Haley
52%
“If you want to be truly happy in life, surround yourself with people who make you laugh. And also, people who bring snacks.”Phil
48%
"Well that's attractive. You look like a puppy with a slipper"Mitchell
42%
"it's a freak-show! But, it's their freak-show."Gloria
35%

Score Distribution

Percentile by Number Answered

Percent of People with Each Score

Your Score History

You have not taken this quiz